01021 2200325 4500001002100000005001500021035002000036007000300056040001700059100004100076245013300117250001000250300003400260504003000294020002200324041000800346082001000354084001600364090002500380264006100405336002100466337003000487338002300517650002100540700003900561850001000600008004100610990002200651990002200673INLIS00000000000908920260427112302 a0010-1122000048ta aSBPUPADbind0 aSri Nurhayati Qodriyatun;ePengarang1 aIndikator Kesejahteraan, Indikator Keberlanjutan Lingkungan Hidup/n /cSri Nurhayati Qodriyatun Editor; Herdianto Wahyu Kustiadi acet.1 ax+ 150 hlm. :bilus. ;c16 cm abibiliografi, hlm 143-144 a978-602-5562-09-90 aind a577.5 a577.5 SRI i a577.5 SRI i L 17 R 3 aJakarta :bPusat Penelitian Badan Keahlian DPR RI,c2017 2rdacontentateks 2rdamediaatanpa perantara 2rdacarrieravolume 4alingkungan Hidup aHerdianto wahyu kutiadiePengarang aPUPAD260427 0  a30.019/b/dpk/2018 a30.020/b/dpk/2018